书目信息 |
| 题名: |
世界银行总部大楼
|
|
| 作者: | 狄克逊 , Dixon 著 ;张春明 译 | |
| 分册: | ||
| 出版信息: | 沈阳 辽宁科学技术出版社 2003 |
|
| 页数: | 143页 | |
| 开本: | 31cm | |
| 丛书名: | ||
| 单 册: | ||
| 中图分类: | TU243-64 | |
| 科图分类: | ||
| 主题词: | 行政建筑--建筑设计--美国--图集 , 行政建筑 , 建筑设计 | |
| 电子资源: | ||
| ISBN: | 7-5381-3853-6 | |
| 000 | 01237nam0 2200289 45 | |
| 001 | 012003509200 | |
| 005 | 20050114102747.35 | |
| 010 | @a7-5381-3853-6@b精装@dCNY 148.00 | |
| 100 | @a20031107d2003 em y0chiy0120 ea | |
| 101 | 1 | @achi@ceng |
| 102 | @aCN@b210000 | |
| 105 | @aa z 000yy | |
| 200 | 1 | @a世界银行总部大楼@AShi Jie Yin Hang Zong Bu Da Lou@e《大型公共建筑的设计与施工——世界银行》Kohn Pedersen Fox与一个标志性建筑物@f(美)狄克逊(Dixon,J.M.)著@g张春明等译 |
| 210 | @a沈阳@c辽宁科学技术出版社@d2003 | |
| 215 | @a143页@c图,照片@d31cm | |
| 305 | @a由澳大利亚The Images Publishing Group Pty Ltd授权出版 | |
| 510 | 1 | @aThe World Bank Kohn Pedersen Fox and the Atchitecture of a Landmark Building@zeng |
| 517 | 1 | @a《大型公共建筑的设计与施工——世界银行》Kohn Pedersen Fox与一个标志性建筑物@A《 Da Xing Gong Gong Jian Zhu De She Ji Yu Shi Gong—— Shi Jie Yin Hang》 Kohn Pedersen Fox Yu Yi Ge Biao Zhi Xing Jian Zhu Wu |
| 606 | 0 | @a行政建筑@x建筑设计@y美国@j图集 |
| 606 | 0 | @a行政建筑 |
| 606 | 0 | @a建筑设计 |
| 690 | @aTU243-64@v4 | |
| 701 | 1 | @a狄克逊@ADi Ke Xun@bJ.M.@4著 |
| 701 | 1 | @aDixon@bJ.M.@4著 |
| 702 | 0 | @a张春明@AZhang Chun Ming@4译 |
| 801 | 0 | @aCN@bXHSD@c20050114 |
| 905 | @a10447@dTU243-64@eD359 | |
| 世界银行总部大楼:《大型公共建筑的设计与施工——世界银行》Kohn Pedersen Fox与一个标志性建筑物/(美)狄克逊(Dixon,J.M.)著/张春明等译.-沈阳:辽宁科学技术出版社,2003 |
| 143页:图,照片;31cm |
| ISBN 7-5381-3853-6(精装):CNY 148.00 |
| ● |
| 相关链接 |
|
|
|
正题名:世界银行总部大楼
索取号:TU243-64/D359
 
预约/预借
| 序号 | 登录号 | 条形码 | 馆藏地/架位号 | 状态 | 备注 |
| 1 | 437727 | 204377272 | 建筑库101/101建筑库 68排6列5层/ [索取号:TU243-64/D359] | 在馆 |